| 000 | 00479nam a2200157 4500 | ||
|---|---|---|---|
| 020 | _a0030847591 | ||
| 082 | 0 | 0 |
_a621.3192 _bVIT _cL-11, P-3 |
| 100 | 1 |
_aVitrogan, David. _941462 |
|
| 245 | 1 | 0 | _aElements of electric and magnetic circuits. |
| 260 |
_aSan Francisco, _bRinehart Press _c[1971] |
||
| 300 |
_axv, 620 p. _billus. _c24 cm. |
||
| 526 |
_a0 _b0 _c0 _d621_319200000000000_VIT |
||
| 650 | 0 |
_aElectric circuits. _910997 |
|
| 650 | 0 |
_aElectromagnetism. _920219 |
|
| 942 |
_2ddc _cBK |
||
| 999 |
_c545564 _d545564 |
||